| 000 | 00702nam a22002537i 4500 | ||
|---|---|---|---|
| 001 | 114900 | ||
| 005 | 20230410124117.0 | ||
| 008 | 790213|1978 ||| 000 0 spa | ||
| 035 | _9(DLC) 79102108 | ||
| 035 | _a394828 | ||
| 010 | _a79102108 | ||
| 040 |
_aDLC _cDLC _dDLC |
||
| 041 | _aspa | ||
| 050 | 1 | 4 | _aMLCS 83/8750 (H) |
| 100 | 2 | _aGómez Oliver, Antonio. | |
| 245 | 1 | 0 |
_aDinero, inflación y comercio exterior en México / _cAntonio Gómez Oliver. |
| 250 | _a1. ed. | ||
| 260 | _aMéxico : Centro de Estudios Monetarios Latinoamericanos, 1978. | ||
| 300 | _a144 p. : il. ; 21 cm. | ||
| 650 | 4 | _aCRV | |
| 650 | 4 | _aColección René Villarreal | |
| 942 |
_2lcc _cbk |
||
| 946 | _almd | ||
| 999 |
_c71206 _d71206 |
||